|
|
|
|
| LEADER |
03187nam a2200517 4500 |
| 001 |
978-3-540-45371-0 |
| 003 |
DE-He213 |
| 005 |
20191022081821.0 |
| 007 |
cr nn 008mamaa |
| 008 |
121227s2000 gw | s |||| 0|eng d |
| 020 |
|
|
|a 9783540453710
|9 978-3-540-45371-0
|
| 024 |
7 |
|
|a 10.1007/3-540-45371-7
|2 doi
|
| 040 |
|
|
|d GrThAP
|
| 050 |
|
4 |
|a QB1-991
|
| 050 |
|
4 |
|a QB460-466
|
| 072 |
|
7 |
|a PG
|2 bicssc
|
| 072 |
|
7 |
|a SCI004000
|2 bisacsh
|
| 072 |
|
7 |
|a PGC
|2 thema
|
| 082 |
0 |
4 |
|a 520
|2 23
|
| 245 |
1 |
0 |
|a From the Sun to the Great Attractor
|h [electronic resource] :
|b 1999 Guanajuato Lectures on Astrophysics /
|c edited by Dany Page, Jorge G. Hirsch.
|
| 250 |
|
|
|a 1st ed. 2000.
|
| 264 |
|
1 |
|a Berlin, Heidelberg :
|b Springer Berlin Heidelberg :
|b Imprint: Springer,
|c 2000.
|
| 300 |
|
|
|a XI, 348 p.
|b online resource.
|
| 336 |
|
|
|a text
|b txt
|2 rdacontent
|
| 337 |
|
|
|a computer
|b c
|2 rdamedia
|
| 338 |
|
|
|a online resource
|b cr
|2 rdacarrier
|
| 347 |
|
|
|a text file
|b PDF
|2 rda
|
| 490 |
1 |
|
|a Lecture Notes in Physics,
|x 0075-8450 ;
|v 556
|
| 505 |
0 |
|
|a Solar Physics: From the Deep Interior to the Hot Corona -- Precision Laboratory Measurements in Nuclear Astrophysics -- The Generation of Cosmic Magnetic Fields -- Neutron Stars and Strong-Field Effects of General Relativity -- Gamma Ray Astronomy at High Energies -- Neutrinos in Physics and Astrophysics -- Particle and Astrophysical Aspects of Ultra-high Energy Cosmic Rays -- Galaxies Behind the Milky Way and the Great Attractor.
|
| 520 |
|
|
|a The enormous advances in observational techniques over the last two decades has produced a wealth of data and unexpected discoveries which have helped to reshape astrophysics as a field with well-formulated theories and sophisticated numerical calculations. In nuclear particle physics, plasma physics, as well as in general relativity, the Universe has become a laboratory for cutting-edge research. The courses collected in the book are intended to provide students with this insight, giving a general background on each topic such as cosmic rays, nuclear and neutrino astrophysics, solar physics and strong fields, as well as a presentation of the current research and open problems. The book is aimed at graduate students in physics and astrophysics, as well as researchers, bridging a gap between the specialized reviews and the comprehensive books.
|
| 650 |
|
0 |
|a Astronomy.
|
| 650 |
|
0 |
|a Astrophysics.
|
| 650 |
1 |
4 |
|a Astronomy, Astrophysics and Cosmology.
|0 http://scigraph.springernature.com/things/product-market-codes/P22006
|
| 700 |
1 |
|
|a Page, Dany.
|e editor.
|4 edt
|4 http://id.loc.gov/vocabulary/relators/edt
|
| 700 |
1 |
|
|a Hirsch, Jorge G.
|e editor.
|4 edt
|4 http://id.loc.gov/vocabulary/relators/edt
|
| 710 |
2 |
|
|a SpringerLink (Online service)
|
| 773 |
0 |
|
|t Springer eBooks
|
| 776 |
0 |
8 |
|i Printed edition:
|z 9783662142639
|
| 776 |
0 |
8 |
|i Printed edition:
|z 9783540410645
|
| 776 |
0 |
8 |
|i Printed edition:
|z 9783662142622
|
| 830 |
|
0 |
|a Lecture Notes in Physics,
|x 0075-8450 ;
|v 556
|
| 856 |
4 |
0 |
|u https://doi.org/10.1007/3-540-45371-7
|z Full Text via HEAL-Link
|
| 912 |
|
|
|a ZDB-2-PHA
|
| 912 |
|
|
|a ZDB-2-LNP
|
| 912 |
|
|
|a ZDB-2-BAE
|
| 950 |
|
|
|a Physics and Astronomy (Springer-11651)
|